Thiết kế cầu treo dây võng
Na minha lista:
| Autor principal: | |
|---|---|
| Outros Autores: | |
| Formato: | Livro |
| Idioma: | Undetermined |
| Publicado em: |
H.
Xây dựng
2004
|
| Assuntos: | |
| Acesso em linha: | http://lrc.tdmu.edu.vn/opac/search/detail.asp?aID=2&ID=3843 |
| Tags: |
Adicionar Tag
Sem tags, seja o primeiro a adicionar uma tag!
|
| Thư viện lưu trữ: | Trung tâm Học liệu Trường Đại học Thủ Dầu Một |
|---|
| LEADER | 00663nam a2200205Ia 4500 | ||
|---|---|---|---|
| 001 | TDMU_3843 | ||
| 008 | 210410s9999 xx 000 0 und d | ||
| 082 | |a 624.23 | ||
| 090 | |b NG527 | ||
| 100 | |a Nguyễn, Viết Trung | ||
| 245 | 0 | |a Thiết kế cầu treo dây võng | |
| 245 | 0 | |c Nguyễn Viết Trung (ch.b.), Hoàng Hà | |
| 260 | |a H. | ||
| 260 | |b Xây dựng | ||
| 260 | |c 2004 | ||
| 300 | |a 225tr. | ||
| 650 | |a Cầu treo dây võng |x Thiết kế | ||
| 700 | |a Hoàng, Hà | ||
| 856 | |u http://lrc.tdmu.edu.vn/opac/search/detail.asp?aID=2&ID=3843 | ||
| 980 | |a Trung tâm Học liệu Trường Đại học Thủ Dầu Một | ||